| 000 | 00611nam a2200217Ia 4500 | ||
|---|---|---|---|
| 005 | 20241129105833.0 | ||
| 008 | 241129s9999||||xx |||||||||||||| ||und|| | ||
| 020 | _a978-0-300-23845-7 | ||
| 037 | _aTB | ||
| 040 |
_aARTS _beng _cARTS |
||
| 041 |
_aeng _2eng |
||
| 084 |
_aVv R1 _qARTS |
||
| 100 |
_aBanner James M. Au. _9726462 |
||
| 245 | 0 |
_aEver changing past: why all history is revisionist history _cBanner James M. Au. |
|
| 260 |
_aUK _bYale University Press _c2020 |
||
| 300 | _axi,284p. | ||
| 365 |
_aUSD _b28 |
||
| 650 | _aHistoriography | ||
| 942 |
_cTB _hVv R1 |
||
| 999 |
_c1226213 _d1226213 |
||